000 00370nam a22001217a 4500
082 _a200 THE
100 _aMUNAZZA ISHTIAQ
_970288
245 _aTH-SOF-1146-SENTIMENT ANALYSIS OF TWITTER DATA USING SENTIMENT INFLUENCERS
260 _aIslamabad
_bNUST College of EME
_c2015
650 _a MS-CSE-11 MSTHESIS
700 _aSupervison Dr Usman Qamar
_969913
942 _cCF
999 _c577279
_d577279